Najdłuższe rzeki Europejskich państw - Statystyki

Ogólne statystyki
  • Ten quiz został rozwiązany 42 razy
  • Średni wynik to 9 z 13
Statystyki odpowiedzi
Długość Państwo Rzeka % Poprawnych
1047 km Polska Wisła
100%
3531 km Rosja Wołga
100%
1075 km Rumunia Dunaj
98%
350 km Austria Dunaj
98%
865 km Niemcy Ren
83%
375 km Szwajcaria Ren
83%
1095 km Ukraina Dniepr
80%
1020 km Francja Loara
78%
672 km Włochy Pad
48%
930 km Hiszpania Ebro
43%
434 km Czechy Wełtawa
40%
763 km Węgry Cisa
25%
598 km Norwegia Glomma
18%
Nie znaleziono quizów pasujących do podanych kryteriów
Rozkład punktacji
Procent ludzi z każdym wynikiem
Percentyl według liczby udzielonych odpowiedzi
Twoja historia wyników
Nie rozwiązałeś tego quizu